| 000 | 00464nam a2200157 i 4500 | ||
|---|---|---|---|
| 001 | 46742 | ||
| 003 | ES-MaACL | ||
| 005 | 20230906161435.0 | ||
| 007 | t| | ||
| 008 | 030331s1947 xxk ||||1| eng d | ||
| 100 | 1 |
_aConingsby, Francis C. _940189 |
|
| 245 | 1 | 4 |
_aThe law of bills of exchange / _cby Francis C. Coningsby. |
| 260 |
_aLondon : _bStevens & Sons, _c1947 ( _fC.F. Roworth Ltd.) |
||
| 300 |
_aVII, 140 p. ; _c21 cm. |
||
| 852 |
_aES-MaACL _jC-5363 _bR.25503 |
||
| 999 |
_c46742 _d46742 |
||